| 000 | 02194nam a22002897a 4500 | ||
|---|---|---|---|
| 003 | BJBSDDR | ||
| 005 | 20260507105705.0 | ||
| 007 | ta | ||
| 008 | 260219s2011 fr ||||| |||| 00| 0 fre d | ||
| 020 | _a9782200350123 | ||
| 020 | _a2200350120 | ||
| 040 |
_beng _cBJBSDDR |
||
| 041 | _afre | ||
| 050 | 1 | 4 |
_aCB 78 _bB825m 2011 |
| 100 | 1 |
_aBraunstein, Jean-François, _d1953- _947149 |
|
| 245 | 1 | 0 |
_aManuel de culture générale : _bhistoire, religions, philosophie, littérature, arts, sciences / _cJean-François Braunstein, Bernard Phan. |
| 250 | _a3e édition revue, actualisée et augmentée | ||
| 260 |
_aParis : _bArmand Colin Editeur, _c2011 |
||
| 300 |
_a383 pages ; _c25 cm |
||
| 500 | _aLa couv. porte en plus : "épreuve de culture générale et de sciences humaines. Prépas HEC, prépas littéraires, instituts d'études politiques, concours administratifs." | ||
| 504 | _aBibliogr. pages 367-372. Index | ||
| 520 | _aL'essentiel, tout l'essentiel, rien que l'essentiel. Le " Braunstein / Phan " s'est imposé comme le manuel idéal pour se préparer aux examens et concours de recrutement comportant une épreuve de culture générale. Mis à jour et augmenté, il intègre tout ce qu'il faut avoir retenu des grandes évolutions récentes (sur les religions au XXe siècle, le Proche-Orient, l'Union européenne, le " choc des civilisations ", etc.). Un panorama thématique et chronologique complet de la culture occidentale, suivant un plan simple, à travers six domaines (histoire, religions, philosophie, littérature, arts et sciences) et sept périodes : La Grèce ; Rome et les monothéismes ; Le Moyen Age ; Le XVIIe siècle ou l'âge classique ; Le XVIIIe siècle et les Lumières ; Le XIXe siècle ; Le XXe siècle... à travers 120 entrées construites autour d'un sujet ou d'un auteur : des précisions de terminologie, un exposé général, simple et clair, des documents et indications de prolongements culturels. Des instruments de travail immédiatement exploitables : repères chronologiques, citations, bibliographie, index. | ||
| 650 | 4 |
_aCivilización _xHistoria _9740 |
|
| 700 | 1 |
_aPhan, Bernard _948334 |
|
| 942 |
_2lcc _cBK |
||
| 946 | _icmc | ||
| 999 |
_c126428 _d126428 |
||